| 000 | 00619cam a22001577a 4500 | ||
|---|---|---|---|
| 008 | 180718b1946 xxu||||| |||| 00| 0 eng d | ||
| 082 | _aPx54 In2/31 | ||
| 100 | _aIndia. Agricultural Education Committee of the Central Advisory Board of Education | ||
| 245 |
_aReport of the Agricultural Education Committee of the Central Advisory Board of Education, 1944 _cby Bureau of Education |
||
| 260 |
_aDelhi _bThe Manager of Publications _c1946 |
||
| 300 | _a10p. | ||
| 440 | _aPamphlet No. 31 | ||
| 500 | _aChairman: V.T. Krishnamachari | ||
| 700 | _aIndia. Bureau of Education | ||
| 700 | _aKrishnamachari, V.T. (Chairman) | ||
| 999 |
_c489543 _d489543 |
||